<?xml version="1.0" encoding="UTF-8"?>
<record
    xmlns:xsi="http://www.w3.org/2001/XMLSchema-instance"
    xsi:schemaLocation="http://www.loc.gov/MARC21/slim http://www.loc.gov/standards/marcxml/schema/MARC21slim.xsd"
    xmlns="http://www.loc.gov/MARC21/slim">

  <leader>01000nas a2200253 454500</leader>
  <controlfield tag="001">31027</controlfield>
  <controlfield tag="005">20260407193508.0</controlfield>
  <controlfield tag="008">260407s1994####ag###########|||spa#d</controlfield>
  <controlfield tag="003">AR-UNSa-BCEJYS</controlfield>
  <datafield tag="040" ind1=" " ind2=" ">
    <subfield code="a">AR-UNSa-BCEJYS</subfield>
    <subfield code="b">spa</subfield>
    <subfield code="c">AR-UNSa-BCEJYS</subfield>
  </datafield>
  <datafield tag="080" ind1=" " ind2=" ">
    <subfield code="a">343.35</subfield>
    <subfield code="x">Delitos contra la administraci&#xF3;n p&#xFA;blica. Abuso de la funci&#xF3;n p&#xFA;blica (Corrupci&#xF3;n)</subfield>
  </datafield>
  <datafield tag="245" ind1="1" ind2="0">
    <subfield code="a">ResponDabilidad</subfield>
  </datafield>
  <datafield tag="022" ind1=" " ind2=" ">
    <subfield code="a">9991-7136</subfield>
  </datafield>
  <datafield tag="264" ind1=" " ind2="1">
    <subfield code="a">Arlington :</subfield>
    <subfield code="b">Charles J. Becker</subfield>
    <subfield code="c">1994</subfield>
  </datafield>
  <datafield tag="310" ind1=" " ind2=" ">
    <subfield code="a">Frecuencia: Irregular
A partir del N&#xBA; 15 cambia de t&#xED;tulo por: ResponDabilidad Anti-Corrupci&#xF3;n</subfield>
  </datafield>
  <datafield tag="041" ind1=" " ind2=" ">
    <subfield code="a">spa</subfield>
  </datafield>
  <datafield tag="942" ind1=" " ind2=" ">
    <subfield code="c">SER</subfield>
  </datafield>
  <datafield tag="590" ind1=" " ind2=" ">
    <subfield code="a">niveau_biblio:s niveau_hierar:1</subfield>
  </datafield>
  <datafield tag="100" ind1="1" ind2=" ">
    <subfield code="a">Proyecto Regional para el Mejoramiento de la Administraci&#xF3;n Financiera en Am&#xE9;rica Latina y el Caribe</subfield>
  </datafield>
  <datafield tag="650" ind1=" " ind2=" ">
    <subfield code="a">ADMINISTRACION FINANCIERA</subfield>
  </datafield>
  <datafield tag="650" ind1=" " ind2=" ">
    <subfield code="a">ADMINISTRACION PUBLICA</subfield>
  </datafield>
  <datafield tag="650" ind1=" " ind2=" ">
    <subfield code="a">Corrupci&#xF3;n</subfield>
  </datafield>
  <datafield tag="856" ind1="4" ind2="1">
    <subfield code="u">https://biblioeco.unsa.edu.ar/pmb/images/revistas/ResponDabilida-r.jpg</subfield>
    <subfield code="y">Imagen de portada</subfield>
    <subfield code="q">image/jpeg</subfield>
  </datafield>
  <datafield tag="999" ind1=" " ind2=" ">
    <subfield code="c">8701</subfield>
    <subfield code="d">8701</subfield>
  </datafield>
  <datafield tag="952" ind1=" " ind2=" ">
    <subfield code="0">0</subfield>
    <subfield code="1">0</subfield>
    <subfield code="4">0</subfield>
    <subfield code="7">0</subfield>
    <subfield code="a">BCEJYS</subfield>
    <subfield code="b">BCEJYS</subfield>
    <subfield code="c">17</subfield>
    <subfield code="d">2000-09-01</subfield>
    <subfield code="h">N&#xBA; 28 - sep. 2000</subfield>
    <subfield code="l">0</subfield>
    <subfield code="o">H343.35 RES 28</subfield>
    <subfield code="p">R14988</subfield>
    <subfield code="r">2026-04-10 16:08:59</subfield>
    <subfield code="w">2026-04-10</subfield>
    <subfield code="y">RN</subfield>
  </datafield>
  <datafield tag="952" ind1=" " ind2=" ">
    <subfield code="0">0</subfield>
    <subfield code="1">0</subfield>
    <subfield code="4">0</subfield>
    <subfield code="7">0</subfield>
    <subfield code="a">BCEJYS</subfield>
    <subfield code="b">BCEJYS</subfield>
    <subfield code="c">17</subfield>
    <subfield code="d">2000-06-01</subfield>
    <subfield code="h">N&#xBA; 27 - jun. 2000</subfield>
    <subfield code="l">0</subfield>
    <subfield code="o">H343.35 RES 27</subfield>
    <subfield code="p">R14987</subfield>
    <subfield code="r">2026-04-10 16:08:59</subfield>
    <subfield code="w">2026-04-10</subfield>
    <subfield code="y">RN</subfield>
  </datafield>
  <datafield tag="952" ind1=" " ind2=" ">
    <subfield code="0">0</subfield>
    <subfield code="1">0</subfield>
    <subfield code="4">0</subfield>
    <subfield code="7">0</subfield>
    <subfield code="a">BCEJYS</subfield>
    <subfield code="b">BCEJYS</subfield>
    <subfield code="c">17</subfield>
    <subfield code="d">2000-03-01</subfield>
    <subfield code="h">N&#xBA; 26 - mar. 2000</subfield>
    <subfield code="l">0</subfield>
    <subfield code="o">H343.35 RES 26</subfield>
    <subfield code="p">R14986</subfield>
    <subfield code="r">2026-04-10 16:08:59</subfield>
    <subfield code="w">2026-04-10</subfield>
    <subfield code="y">RN</subfield>
  </datafield>
  <datafield tag="952" ind1=" " ind2=" ">
    <subfield code="0">0</subfield>
    <subfield code="1">0</subfield>
    <subfield code="4">0</subfield>
    <subfield code="7">0</subfield>
    <subfield code="a">BCEJYS</subfield>
    <subfield code="b">BCEJYS</subfield>
    <subfield code="c">17</subfield>
    <subfield code="d">2000-02-01</subfield>
    <subfield code="h">N&#xBA; 25 - feb. 2000</subfield>
    <subfield code="l">0</subfield>
    <subfield code="o">H343.35 RES 25</subfield>
    <subfield code="p">R14985</subfield>
    <subfield code="r">2026-04-10 16:08:59</subfield>
    <subfield code="w">2026-04-10</subfield>
    <subfield code="y">RN</subfield>
  </datafield>
  <datafield tag="952" ind1=" " ind2=" ">
    <subfield code="0">0</subfield>
    <subfield code="1">0</subfield>
    <subfield code="4">0</subfield>
    <subfield code="7">0</subfield>
    <subfield code="a">BCEJYS</subfield>
    <subfield code="b">BCEJYS</subfield>
    <subfield code="c">17</subfield>
    <subfield code="d">1999-12-01</subfield>
    <subfield code="h">N&#xBA; 24 - dic. 1999</subfield>
    <subfield code="l">0</subfield>
    <subfield code="o">H343.35 RES 24</subfield>
    <subfield code="p">R14984</subfield>
    <subfield code="r">2026-04-10 16:08:59</subfield>
    <subfield code="w">2026-04-10</subfield>
    <subfield code="y">RN</subfield>
  </datafield>
  <datafield tag="952" ind1=" " ind2=" ">
    <subfield code="0">0</subfield>
    <subfield code="1">0</subfield>
    <subfield code="4">0</subfield>
    <subfield code="7">0</subfield>
    <subfield code="a">BCEJYS</subfield>
    <subfield code="b">BCEJYS</subfield>
    <subfield code="c">17</subfield>
    <subfield code="d">1999-10-01</subfield>
    <subfield code="h">N&#xBA; 23 - oct. 1999</subfield>
    <subfield code="l">0</subfield>
    <subfield code="o">H343.35 RES 23</subfield>
    <subfield code="p">R14983</subfield>
    <subfield code="r">2026-04-10 16:08:59</subfield>
    <subfield code="w">2026-04-10</subfield>
    <subfield code="y">RN</subfield>
  </datafield>
  <datafield tag="952" ind1=" " ind2=" ">
    <subfield code="0">0</subfield>
    <subfield code="1">0</subfield>
    <subfield code="4">0</subfield>
    <subfield code="7">0</subfield>
    <subfield code="a">BCEJYS</subfield>
    <subfield code="b">BCEJYS</subfield>
    <subfield code="c">17</subfield>
    <subfield code="d">1999-08-01</subfield>
    <subfield code="h">N&#xBA; 22 - ago. 1999</subfield>
    <subfield code="l">0</subfield>
    <subfield code="o">H343.35 RES 22</subfield>
    <subfield code="p">R14982</subfield>
    <subfield code="r">2026-04-10 16:08:59</subfield>
    <subfield code="w">2026-04-10</subfield>
    <subfield code="y">RN</subfield>
  </datafield>
  <datafield tag="952" ind1=" " ind2=" ">
    <subfield code="0">0</subfield>
    <subfield code="1">0</subfield>
    <subfield code="4">0</subfield>
    <subfield code="7">0</subfield>
    <subfield code="a">BCEJYS</subfield>
    <subfield code="b">BCEJYS</subfield>
    <subfield code="c">17</subfield>
    <subfield code="d">1999-06-01</subfield>
    <subfield code="h">N&#xBA; 21 - jun. 1999</subfield>
    <subfield code="l">0</subfield>
    <subfield code="o">H343.35 RES 21</subfield>
    <subfield code="p">R14981</subfield>
    <subfield code="r">2026-04-10 16:08:59</subfield>
    <subfield code="w">2026-04-10</subfield>
    <subfield code="y">RN</subfield>
  </datafield>
  <datafield tag="952" ind1=" " ind2=" ">
    <subfield code="0">0</subfield>
    <subfield code="1">0</subfield>
    <subfield code="4">0</subfield>
    <subfield code="7">0</subfield>
    <subfield code="a">BCEJYS</subfield>
    <subfield code="b">BCEJYS</subfield>
    <subfield code="c">17</subfield>
    <subfield code="d">1999-03-01</subfield>
    <subfield code="h">N&#xBA; 20 - mar. 1999</subfield>
    <subfield code="l">0</subfield>
    <subfield code="o">H343.35 RES 20</subfield>
    <subfield code="p">R14980</subfield>
    <subfield code="r">2026-04-10 16:08:59</subfield>
    <subfield code="w">2026-04-10</subfield>
    <subfield code="y">RN</subfield>
  </datafield>
  <datafield tag="952" ind1=" " ind2=" ">
    <subfield code="0">0</subfield>
    <subfield code="1">0</subfield>
    <subfield code="4">0</subfield>
    <subfield code="7">0</subfield>
    <subfield code="a">BCEJYS</subfield>
    <subfield code="b">BCEJYS</subfield>
    <subfield code="c">17</subfield>
    <subfield code="d">1999-02-01</subfield>
    <subfield code="h">N&#xBA; 19 - feb. 1999</subfield>
    <subfield code="l">0</subfield>
    <subfield code="o">H343.35 RES 19</subfield>
    <subfield code="p">R14979</subfield>
    <subfield code="r">2026-04-10 16:08:59</subfield>
    <subfield code="w">2026-04-10</subfield>
    <subfield code="y">RN</subfield>
  </datafield>
  <datafield tag="952" ind1=" " ind2=" ">
    <subfield code="0">0</subfield>
    <subfield code="1">0</subfield>
    <subfield code="4">0</subfield>
    <subfield code="7">0</subfield>
    <subfield code="a">BCEJYS</subfield>
    <subfield code="b">BCEJYS</subfield>
    <subfield code="c">17</subfield>
    <subfield code="d">1998-12-01</subfield>
    <subfield code="h">N&#xBA; 18 - dic. 1998</subfield>
    <subfield code="l">0</subfield>
    <subfield code="o">H343.35 RES 18</subfield>
    <subfield code="p">R14978</subfield>
    <subfield code="r">2026-04-10 16:08:59</subfield>
    <subfield code="w">2026-04-10</subfield>
    <subfield code="y">RN</subfield>
  </datafield>
  <datafield tag="952" ind1=" " ind2=" ">
    <subfield code="0">0</subfield>
    <subfield code="1">0</subfield>
    <subfield code="4">0</subfield>
    <subfield code="7">0</subfield>
    <subfield code="a">BCEJYS</subfield>
    <subfield code="b">BCEJYS</subfield>
    <subfield code="c">17</subfield>
    <subfield code="d">1998-10-01</subfield>
    <subfield code="h">N&#xBA; 17 - oct. 1998</subfield>
    <subfield code="l">0</subfield>
    <subfield code="o">H343.35 RES 17</subfield>
    <subfield code="p">R14977</subfield>
    <subfield code="r">2026-04-10 16:08:59</subfield>
    <subfield code="w">2026-04-10</subfield>
    <subfield code="y">RN</subfield>
  </datafield>
  <datafield tag="952" ind1=" " ind2=" ">
    <subfield code="0">0</subfield>
    <subfield code="1">0</subfield>
    <subfield code="4">0</subfield>
    <subfield code="7">0</subfield>
    <subfield code="a">BCEJYS</subfield>
    <subfield code="b">BCEJYS</subfield>
    <subfield code="c">17</subfield>
    <subfield code="d">1998-05-01</subfield>
    <subfield code="h">N&#xBA; 16 - mayo 1998</subfield>
    <subfield code="l">0</subfield>
    <subfield code="o">H343.35 RES 16</subfield>
    <subfield code="p">R14976</subfield>
    <subfield code="r">2026-04-10 16:08:59</subfield>
    <subfield code="w">2026-04-10</subfield>
    <subfield code="y">RN</subfield>
  </datafield>
  <datafield tag="952" ind1=" " ind2=" ">
    <subfield code="0">0</subfield>
    <subfield code="1">0</subfield>
    <subfield code="4">0</subfield>
    <subfield code="7">0</subfield>
    <subfield code="a">BCEJYS</subfield>
    <subfield code="b">BCEJYS</subfield>
    <subfield code="c">17</subfield>
    <subfield code="d">1998-02-01</subfield>
    <subfield code="h">N&#xBA; 15 - feb. 1998</subfield>
    <subfield code="l">0</subfield>
    <subfield code="o">H343.35 RES 15</subfield>
    <subfield code="p">R14975</subfield>
    <subfield code="r">2026-04-10 16:08:59</subfield>
    <subfield code="w">2026-04-10</subfield>
    <subfield code="y">RN</subfield>
  </datafield>
  <datafield tag="952" ind1=" " ind2=" ">
    <subfield code="0">0</subfield>
    <subfield code="1">0</subfield>
    <subfield code="4">0</subfield>
    <subfield code="7">0</subfield>
    <subfield code="a">BCEJYS</subfield>
    <subfield code="b">BCEJYS</subfield>
    <subfield code="c">17</subfield>
    <subfield code="d">1997-06-01</subfield>
    <subfield code="h">N&#xBA; 14 - jun. 1997</subfield>
    <subfield code="l">0</subfield>
    <subfield code="o">H343.35 RES 14</subfield>
    <subfield code="p">R14974</subfield>
    <subfield code="r">2026-04-10 16:08:59</subfield>
    <subfield code="w">2026-04-10</subfield>
    <subfield code="y">RN</subfield>
  </datafield>
  <datafield tag="952" ind1=" " ind2=" ">
    <subfield code="0">0</subfield>
    <subfield code="1">0</subfield>
    <subfield code="4">0</subfield>
    <subfield code="7">0</subfield>
    <subfield code="a">BCEJYS</subfield>
    <subfield code="b">BCEJYS</subfield>
    <subfield code="c">17</subfield>
    <subfield code="d">1997-03-01</subfield>
    <subfield code="h">N&#xBA; 13 - mar. 1997</subfield>
    <subfield code="l">0</subfield>
    <subfield code="o">H343.35 RES 13</subfield>
    <subfield code="p">R14973</subfield>
    <subfield code="r">2026-04-10 16:08:59</subfield>
    <subfield code="w">2026-04-10</subfield>
    <subfield code="y">RN</subfield>
  </datafield>
  <datafield tag="952" ind1=" " ind2=" ">
    <subfield code="0">0</subfield>
    <subfield code="1">0</subfield>
    <subfield code="4">0</subfield>
    <subfield code="7">0</subfield>
    <subfield code="a">BCEJYS</subfield>
    <subfield code="b">BCEJYS</subfield>
    <subfield code="c">17</subfield>
    <subfield code="d">1996-09-01</subfield>
    <subfield code="h">N&#xBA; 11 - sep. 1996</subfield>
    <subfield code="l">0</subfield>
    <subfield code="o">H343.35 RES 11</subfield>
    <subfield code="p">R14972</subfield>
    <subfield code="r">2026-04-10 16:08:59</subfield>
    <subfield code="w">2026-04-10</subfield>
    <subfield code="y">RN</subfield>
  </datafield>
  <datafield tag="952" ind1=" " ind2=" ">
    <subfield code="0">0</subfield>
    <subfield code="1">0</subfield>
    <subfield code="4">0</subfield>
    <subfield code="7">0</subfield>
    <subfield code="a">BCEJYS</subfield>
    <subfield code="b">BCEJYS</subfield>
    <subfield code="c">17</subfield>
    <subfield code="d">1996-03-01</subfield>
    <subfield code="h">N&#xBA; 9 - mar. 1996</subfield>
    <subfield code="l">0</subfield>
    <subfield code="o">H343.35 RES 9</subfield>
    <subfield code="p">R14971</subfield>
    <subfield code="r">2026-04-10 16:08:59</subfield>
    <subfield code="w">2026-04-10</subfield>
    <subfield code="y">RN</subfield>
  </datafield>
  <datafield tag="952" ind1=" " ind2=" ">
    <subfield code="0">0</subfield>
    <subfield code="1">0</subfield>
    <subfield code="4">0</subfield>
    <subfield code="7">0</subfield>
    <subfield code="a">BCEJYS</subfield>
    <subfield code="b">BCEJYS</subfield>
    <subfield code="c">17</subfield>
    <subfield code="d">1995-12-01</subfield>
    <subfield code="h">N&#xBA; 8 - dic. 1995</subfield>
    <subfield code="l">0</subfield>
    <subfield code="o">H343.35 RES 8</subfield>
    <subfield code="p">R14970</subfield>
    <subfield code="r">2026-04-10 16:08:59</subfield>
    <subfield code="w">2026-04-10</subfield>
    <subfield code="y">RN</subfield>
  </datafield>
  <datafield tag="952" ind1=" " ind2=" ">
    <subfield code="0">0</subfield>
    <subfield code="1">0</subfield>
    <subfield code="4">0</subfield>
    <subfield code="7">0</subfield>
    <subfield code="a">BCEJYS</subfield>
    <subfield code="b">BCEJYS</subfield>
    <subfield code="c">17</subfield>
    <subfield code="d">1995-09-01</subfield>
    <subfield code="h">N&#xBA; 7 - sep. 1995</subfield>
    <subfield code="l">0</subfield>
    <subfield code="o">H343.35 RES 7</subfield>
    <subfield code="p">R14969</subfield>
    <subfield code="r">2026-04-10 16:08:59</subfield>
    <subfield code="w">2026-04-10</subfield>
    <subfield code="y">RN</subfield>
  </datafield>
  <datafield tag="952" ind1=" " ind2=" ">
    <subfield code="0">0</subfield>
    <subfield code="1">0</subfield>
    <subfield code="4">0</subfield>
    <subfield code="7">0</subfield>
    <subfield code="a">BCEJYS</subfield>
    <subfield code="b">BCEJYS</subfield>
    <subfield code="c">17</subfield>
    <subfield code="d">1995-06-01</subfield>
    <subfield code="h">N&#xBA; 6 - jun. 1995</subfield>
    <subfield code="l">0</subfield>
    <subfield code="o">H343.35 RES 6</subfield>
    <subfield code="p">R14968</subfield>
    <subfield code="r">2026-04-10 16:08:59</subfield>
    <subfield code="w">2026-04-10</subfield>
    <subfield code="y">RN</subfield>
  </datafield>
  <datafield tag="952" ind1=" " ind2=" ">
    <subfield code="0">0</subfield>
    <subfield code="1">0</subfield>
    <subfield code="4">0</subfield>
    <subfield code="7">0</subfield>
    <subfield code="a">BCEJYS</subfield>
    <subfield code="b">BCEJYS</subfield>
    <subfield code="c">17</subfield>
    <subfield code="d">1995-03-01</subfield>
    <subfield code="h">N&#xBA; 5 - mar. 1995</subfield>
    <subfield code="l">0</subfield>
    <subfield code="o">H343.35 RES 5</subfield>
    <subfield code="p">R14944</subfield>
    <subfield code="r">2026-04-10 16:08:59</subfield>
    <subfield code="w">2026-04-10</subfield>
    <subfield code="y">RN</subfield>
  </datafield>
  <datafield tag="952" ind1=" " ind2=" ">
    <subfield code="0">0</subfield>
    <subfield code="1">0</subfield>
    <subfield code="4">0</subfield>
    <subfield code="7">0</subfield>
    <subfield code="a">BCEJYS</subfield>
    <subfield code="b">BCEJYS</subfield>
    <subfield code="c">17</subfield>
    <subfield code="d">1994-09-01</subfield>
    <subfield code="h">N&#xBA; 3 - sep. 1994</subfield>
    <subfield code="l">0</subfield>
    <subfield code="o">H343.35 RES 3</subfield>
    <subfield code="p">R19924</subfield>
    <subfield code="r">2026-04-10 16:08:59</subfield>
    <subfield code="w">2026-04-10</subfield>
    <subfield code="y">RN</subfield>
  </datafield>
  <datafield tag="952" ind1=" " ind2=" ">
    <subfield code="0">0</subfield>
    <subfield code="1">0</subfield>
    <subfield code="4">0</subfield>
    <subfield code="7">0</subfield>
    <subfield code="a">BCEJYS</subfield>
    <subfield code="b">BCEJYS</subfield>
    <subfield code="c">17</subfield>
    <subfield code="d">1994-06-01</subfield>
    <subfield code="h">N&#xBA; 2 - jun. 1994</subfield>
    <subfield code="l">0</subfield>
    <subfield code="o">H343.35 RES 2</subfield>
    <subfield code="p">R19923</subfield>
    <subfield code="r">2026-04-10 16:08:59</subfield>
    <subfield code="w">2026-04-10</subfield>
    <subfield code="y">RN</subfield>
  </datafield>
</record>
